00544nam a2200193Ia 450000500170000000800410001702000150005808200210007324500830009426000630017730000120024065000110025265000130026365000110027665000120028765000100029970000190030970000220032820250205051203.0240331s9999 xx 000 0 und d a0253206820 bFRA21161a305.4 0aRevaluing French Feminism:bCritical Essays on Difference, Agency, and Culture aBloomington;aIndianapolisbIndiana University Pressc1992 a201 p., aFrench aFeminism aAgency aCulture aWomen aFraser, Needt aBartky, S. Leedt